Normal view
MARC view
- Intikhab Ahmed Qureshi
Entry Personal Name
001 - CONTROL NUMBER
- control field: 48490
003 - CONTROL NUMBER IDENTIFIER
- control field: NUST
005 - DATE AND TIME OF LATEST TRANSACTION
- control field: 20210314134048.0
008 - FIXED-LENGTH DATA ELEMENTS
- fixed length control field: 210314|| aca||aabn | a|a d
040 ## - CATALOGING SOURCE
- Original cataloging agency: NUST
- Transcribing agency: NUST
100 ## - HEADING--PERSONAL NAME
- Personal name: Intikhab Ahmed Qureshi
670 ## - SOURCE DATA FOUND
- Source citation: Work cat.: (NUST): Intikhab Ahmed Qureshi, Logistic cost study of export related commodities of Pakistan, 2003
